Eurovision 2026 National Final Season - All Songs - Statistics

General Stats
  • This quiz has been taken 94 times
    48 since last reset
  • The average score is 117 of 445
Answer Stats
Artist(s) # Song % Correct
Alis 1 Nân
100%
LELEK 1 Andromeda
97%
DARA 1 Bangaranga
97%
AIDAN 1 Bella
97%
Alexandra Căpitănescu 1 Choke Me
97%
Atvara 1 Ēnā
97%
Akylas 1 Ferto
97%
Sarah Engels 1 Fire
97%
LAVINA 1 Kraj Mene
97%
Eva Marija 1 Mother Nature
97%
FELICIA 1 My System
97%
ALICJA 1 Pray
97%
SENHIT 1 Superstar
97%
Vanilla Ninja 1 Too Epic To Be True
97%
Satoshi 1 Viva, Moldova!
97%
JONAS LOVV 1 YA YA YA
97%
Sissal 3 Infinity
97%
Tamara Živković 1 Nova Zora
94%
Bandidos do Cante 1 Rosa
94%
Evangelia 4 Paréa
91%
Linda Lampenius x Pete Parkkonen 1 Liekinheitin
88%
LELÉKA 1 Ridnym
88%
Lion Ceccah 1 Sólo Quiero Más
88%
Søren Torpegaard Lund 1 Før Vi Går Hjem
85%
COSMÓ 1 Tanzschein
85%
Jerry Heil 3 CATHARTICUS (prayer)
85%
Etta 6 Million Dollar Smile
85%
Emma 3 Northern Lights
85%
Alexander Rybak 2 Rise
85%
Sal Da Vinci 1 Per Sempre Sì
82%
Zejna 2 Jugoslavija
82%
Cătălina Solomac 3 Pink Margarita
82%
Lana Mandarić 14 Tama
82%
OLLIE 3 Slave
79%
Tony Grox & LUCYCALYS 1 T AMARÉ
79%
CHACHI 4 Cherry Cake
76%
Mileo 4 Frankenstein
76%
LANA X ĐORĐE 3 Temperatura
76%
Lara Baltić 2 Rhythm boy
73%
Denise 6 Trophy
73%
Irem 3 Bad Decisions (Hush Hush)
70%
Ericka Jane 2 Death Of Me
70%
Greczula 2 Half of Me
70%
Komiat 3 Lululai
70%
Meira Omar 9 Dooset Daram
67%
A*Teens 7 Iconic
67%
Antti Paalanen 2 Takatukka
67%
Monokate 6 TUT
67%
Sinikka Monte 5 Ready to Leave
64%
Medina 3 Viva L'Amor
64%
Getter Jaani 5 The Game
61%
good job Nicky 2 Dark Side of the Moon
58%
MATT BLXCK 2 Ejja lejja ħdejja 'l hawn (The Flute)
58%
Smash Into Pieces 4 Hollow
58%
Robin Bengtsson 11 Honey Honey
58%
Luzac 7 Prison Dorée
58%
Anastazja 7 Wild Child
58%
wavvyboi 2 black glitter
55%
Ditonellapiaga 3 Che fastidio!
55%
Lilla Al-Fadji 8 Delulu
55%
Đurđa 9 Dominos
55%
Kelsie Borg 11 Let A Girl Breathe
55%
KIKI 7 Rakkaudenkipee
55%
Inis Neziri 2 Ta kam fal
55%
Jacqline 4 (FQ) Woman
55%
MYLE NQ A OK
52%
NOËP 2 Days Like This
52%
HVNDS 2 Dor
52%
AleXa 5 (FQ) Tongue Tied
52%
Harem Girls x Ivana 3 Bom Bom
48%
ShiroKuro 4 Eye To Eye
48%
Andrew The Martian 8 I'm The Martian
48%
Dinis Mota 2 Jurei
48%
Daryss 5 Melusina
48%
Molly Sue 3 Optimist (Ha Ha Ha)
48%
Robert Ox 4 Ravin' At The Taj Mahal
48%
Ragazzki NQ Ciao Ragazzki
45%
SHWR 2 Contact!
45%
Cimberly 6 Eternity
45%
Silke 9 Forevermore
45%
Skrellex 7 Into the wild
45%
Steve Castile 2 Sweet Tooth
45%
Sanna Nielsen 10 Waste Your Love
45%
Basia Giewont 3 Zimna Woda
45%
Saga Ludvigsson 12 Ain't Today
42%
Nathan Psaila 9 Ganador
42%
Storm 6 Lullaby
42%
Cold Snap 2 MUCHO MACHO
42%
Stefan Galea NQ Pose
42%
ASHA 2 Turista
42%
Sheila 3 Zemra e Tokës
42%
Junior Lerin 6 (H1) Copacabana Boy
39%
Emil Otto NQ Copenhagen Noir
39%
DARA 2 Curse
39%
Ola Antoniak 2 Don't You Try
39%
Ananda 15 DORA
39%
LAUD 2 LIGHTKEEPER
39%
Hugo One 6 Born Again
36%
Dinamiss 11 (SF1) Chaos
36%
Marseaux 3 Hanomai
36%
Yguana 9 Happy Birthday
36%
Ghiti 12 Okej!
36%
Piotr Pręgowski 4 Parawany Tango
36%
DARA 3 This is me
36%
Emilija 3 All We Ever Had
33%
Arwin 6 (H2) Glitter
33%
BELA NQ Herz
33%
Clicherik & Mäx 7 Jolly Roger
33%
Black Biceps 4 Let me cook
33%
ZEVIN 9 (SF2) My Mind
33%
Sergej 10 Scream
33%
Ermal Meta 8 Stella stellina
33%
Bacho 5 Tata
33%
Emy Alupei 5 Tili Bom
33%
Laura Nahr NQ Wonderland
33%
Rigersa Loka 17 Albanian Heart
30%
ZAF 5 ASTEIO
30%
Inis Neziri 4 In my head
30%
Julia Steen 8 Julia
30%
STOCKHOLM COWBOYS 4 Last Man Standing
30%
Rosalinda Galán 3 Mataora
30%
Krstinja 4 Oli oli
30%
Leonardo Amor 5 Prayer
30%
Brandsta City Släckers 5 Rakt in i elden
30%
LEGZDINA 9 Ribbon
30%
Eva Jumatate 3 (FQ) Selfish
30%
Kautkaili 2 Te un tagad
30%
Stasiek Kukulski 5 This Too Shall Pass
30%
Sayf 2 TU MI PIACI TANTO
30%
Ema 7 Achikuku (Don't Think About It)
27%
Wrs 6 All The Way
27%
Luna Ki 7 (SF1) Bomba de amor
27%
Dolce Hera 12 Casanova 91
27%
Jeremi Sikorski 8 Cienie Przeszłości
27%
Dayana 4 Doina
27%
Mr. Vel 4 Do or Done
27%
Brat Pelin 4 Fräulein
27%
Kayla Krystin 4 I brenn
27%
Baryak 7 Minerva
27%
Karolina Szczurowska 6 Nie Bój Się
27%
Agnesse NQ Oh My My
27%
Hedda Mae 8 Snap Back
27%
Threex NQ Vite
27%
ANT x Minimal Wind 6 Wounds (Don't Wanna Fall)
27%
Alejandro Zandes & Emil Rengle 3 Bailando Solo
24%
ELPO 7 Blakus
24%
stefan 14 Nedekodirana
24%
ULIANA 8 Rhythm of Nature
24%
Fifi & Tiri Gjoci 4 Rri
24%
Lolita Zero 7 Salve in meum mundum
24%
EMMY WC Sykt Fin
24%
Myrkur NQ Touch My Love And Die
24%
Valleria 15 Valerian steel
24%
TIKASHA SAKAMA 6 #010126 CODA
21%
Adelisha 16 Alegria
21%
Maxim Zavidia 6 Allo
21%
Pavel Orlov 2 Can't say goodbye
21%
The Elliens 7 Crawling Whispers
21%
Gonçalo Gomes 9 Doce Ilusão
21%
Atyat 8 (SF2) Dopamina
21%
Enxhi Nasufi 10 Dritë
21%
Patrik Jean 5 (H3) Dusk till Dawn
21%
STEFI 12 Europa
21%
Nøra Blu 3 Hold My Own
21%
Andrea Demirović 15 I believe
21%
Rug!le 8 Ikona Žemaitė
21%
Dreamboys The Band NQ Jeanie
21%
Korslagda 4 (H3) King of Rock 'N' Roll
21%
MOLODI 8 legends
21%
Lara Demarin 12 MANTRA
21%
Liston NQ Mela
21%
Kelly Joyce 2 Oh là là
21%
DEVIN 5 OVER ME
21%
Laila Adèle 4 (H2) Oxygen
21%
Dora & Marlon Collins 8 (SF1) Rakata
21%
Frevd 7 Riddle
21%
Tina Džankić 8 Shadows
21%
Krisy 10 Take It
21%
Mayo 11 Tócame
21%
Sandar Sanchez NQ Two Spirits
21%
Noelle 13 Uninterrupted
21%
Janice Mangion 10 Univers
21%
Malou Lovis NQ when i'm with you
21%
Bladë 6 (H5) Who You Are
21%
Rosanna Mailan 11 Alma
18%
Indra 4 (H1) Beautiful Lie
18%
noll2 5 (H1) Berusade ord
18%
Matthew and The AfterParty 5 Brutality Mentality
18%
Marquise 8 Chuva
18%
Olivia Addams 8 Croco
18%
Vilnius Voices 5 Grįšim
18%
KHAYAT 5 Hertsy
18%
Edvards Strazdiņš NQ I Ain't Got The Guts
18%
Mikay 10 Labyrinth
18%
Kenneth 12 Los ojos no mienten
18%
Fedez & Marco Masini 5 MALE NECESSARIO
18%
The Ditties 5 (H1) Mambo
18%
Mikel Herzog Jr. 10 Mi mitad
18%
ShchukaRyba 10 Moia zemlia
18%
Artiom Topal 9 Money
18%
Mark Anthony Bartolo 4 Mumenti Sbieħ
18%
Mychael Bartolo Chircop 3 My Sweet Angel
18%
Adria Twins 12 Nerġa' Nqum
18%
Aika 5 (H5) Raga
18%
Lima Len 6 Raketa
18%
leroybroughtflowers 14 SABOTAGE!
18%
EVAYA 10 SPRINT
18%
Anna-Sophie 6 Superhuman
18%
Sara Kapo 6 Të dua shumë
18%
The Quinquis 7 Tú no me quieres
18%
Elettra Lamborghini 26 Voilà
18%
STYLIANOS 7 YOU & I
18%
Desi G 10 (SF1) Aphrodite
15%
Dani J 9 Bailándote
15%
Honey Blue NQ Blue Disco
15%
KOZA MOSTRA 9 Bulletproof
15%
Zona 5 Čairi
15%
Late Runner NQ Can U Feel It?
15%
Luka Basi CHICOLO
15%
André Amaro 7 Dá-me a Tua Mão
15%
Philip Piller 11 Das Leben ist Kunst
15%
Marika 13 Daughters of the Sun (A, E, I, O, U)
15%
Miranda! & Bailamamá 5 Despierto amándote
15%
LANA 11 Doline
15%
MON FIA 3 (WC) Do You Hear Me?
15%
KITAI 6 El amor te da miedo
15%
Sander Silva WD Fritt Fall
15%
Franklin Calleja 8 Guide You Home
15%
Vilhelm Buchaus 3 (H5) Hearts Don't Lie
15%
Magdalena Tul I'll Be Around
15%
Emilia Pantić 6 (H3) Ingenting
15%
Majda Božović 5 Ipak smo ljudi
15%
J-AX 15 ITALIA STARTER PACK
15%
María León y Julia Medina 8 Las damas y el vagabundo
15%
De Mantra 8 Let Them
15%
Blurie NQ Lovin' Always Gets Me Down
15%
HANSANOVA 8 (H5) LUMINA
15%
D3lta 6 Mad About It
15%
Rosa Chemical Mammamì
15%
Fenksta 10 (SF1) Memento Mori
15%
Reverend Stomp 10 Mescalero Ranger
15%
Tony Sky 12 (SF1) O ne!
15%
Kurt Anthony NQ On The Borderline
15%
Samurai Jay 17 OSSESSIONE
15%
Daba NQ Panic Attack
15%
Grete 3 (H2) Parade
15%
Kelsy Attard NQ Perfectly Broken
15%
David Kurt 12 pockets full of snow
15%
Curly 7 Respir Liber
15%
Paulé 9 Sako
15%
Funambulista 7 (SF2) Sobran gilipo**as
15%
Alexandra Sieti 8 The Other Side
15%
Revery 12 (SF1) The Songwriter
15%
Bella 9 (SF1) Trampolina
15%
NIKOTIN 5 Unsterblich
15%
Greg Taro 9 (SF1) Velita
15%
Laura Prits 9 Warrior
15%
Bamlak Werner 3 We are not just one thing
15%
Sidrit Vokshi 9 Wenn ich rauche
15%
Raylee WC Where Did Your Friend Go?
15%
Jack Lupino 13 Adrenalin
12%
Andreas Habibi feat. Aura All We Need Is Love
12%
TIANORA 8 (SF2) Anatello
12%
Rezarta Smaja 13 Balukeprera
12%
Cristy Rouge 14 Bliss
12%
Gresa Gjocera & Bledi Kaso 23 Busulla e zemrës
12%
Makao 12 (SF1) Daj nam svet
12%
Katy Rain 12 Dance & Cry
12%
Klara Almström 5 (H2) Där hela världen väntar
12%
PAULA NQ Dejot vien
12%
Karyotype 2 (WC) DNA
12%
THE Astrolabe 9 (SF1) Drop It
12%
Edward Maya x LavBbe x Costi 12 Everybody Needs Somebody
12%
Molella feat. Maxè Fever
12%
Robert Lukian 4 Fire To The Lies
12%
Evgenii Avramov 10 Foc la ghete
12%
Erika Jonsson 4 (H4) Från landet
12%
Kleansa Susaj 22 Hije
12%
Ivo Grīsniņš Grīslis NQ Home
12%
Antonio Pican 10 Humans
12%
Avgust 12 (SF2) Jabuka
12%
Eegor 11 (SF1) Klaber
12%
Robert Linna 11 Metsik roos
12%
Đurđica 10 (SF1) Moma mala
12%
Stela Rade 3 Nema te
12%
Selene Ice 8 (H4) Nessuno
12%
KU Minerva 9 (SF2) No volveré a llorar
12%
KLEM OK RESPIRA
12%
MIRNA 14 OMAJA
12%
Valeriya Force 9 Open Our Hearts
12%
Jacaréu e Ana Margarida NQ O-pi-ni-ão
12%
MYKY Outta Tune
12%
Matias Ferreira PAURA
12%
Luka Radović 6 Pjevaj vilo
12%
LDA & Aka 7even 11 Poesie Clandestine
12%
Bambole Di Pezza 13 Resta Con Me
12%
BASILICA 14 (SF2) Set Everything On Fire
12%
Chess Galea NQ Shout It Out
12%
Niya 13 (SF1) Slipping Away
12%
YANX 7 Srušio si sve
12%
Noy 11 Stand Up
12%
Aleksander 9 (SF2) Sudbina
12%
Milica Burazer 10 (SF2) Svima vama treba mama
12%
Grete Paia 10 Taevas jäi üles
12%
Melanija 6 (H2) The Offering
12%
Vanu 11 Therapy Enemy
12%
Gothminister WC The Spell
12%
Emforia 11 Tipare
12%
Frensi 11 Tresh
12%
Aurimas Papečkys 3 (H3) Tu mano
12%
Walls of Water 10 Unshakable
12%
2 Farm 8 Valle mbi hi
12%
LU – KA 9 Veruj
12%
Stella Kay 11 (SF2) You Are The Fire
12%
Papīra lidmašīnas NQ You're My Saviour
12%
Panagiotis Tsakalakos 14 (SF1) 2nd Chance
9%
Kandžija 11 (SF2) 3 ujutro
9%
RIKKI 12 (SF2) AGAPI
9%
Fran Uccellini 9 (SF1) Ako bolje bude sutra
9%
Neno Murić 10 Ako čuješ glas
9%
GARVIN 13 (SF2) Back in the game
9%
Paolo Belli 3 Bellissima
9%
João Ribeiro 4 Canção do Querer
9%
Francisco Fontes NQ Copiloto
9%
Miks Galvanovskis 5 Cruel Angel
9%
Atikin 6 Deganti žemelė
9%
NOLARK NQ Different Places
9%
Sandrino 5 Disposto a Tudo
9%
Antra Stafecka NQ Divejāda
9%
Erik Lloshi 18 Dy pika dashuri
9%
Monica Odagiu 7 Fereastră pentru un orb
9%
Alen Đuras 7 From Ashes To Flame
9%
Nunca Mates o Mandarim 3 Fumo
9%
Vika Anonymous WC Har du itte vøri på Toten før
9%
Spheyiaa 8 (SF1) Hilia Kommatia
9%
Rhiannon Micallef NQ Hold Myself Up
9%
Sihana Haxhinikaj NQ Horizont
9%
Timo Räisänen 5 (H4) Ingenting är efter oss
9%
Kristīne Megija NQ Insanity
9%
Mila Nikić 13 Kao varnica
9%
Marta Pikani 12 Kell Kuus
9%
Evi Reçi 21 Kodi i jetës
9%
Sanja Aleksić 11 (SF2) Ko me proba
9%
Aleksandra Sekulić 8 (SF2) Kule
9%
JULIETT 4 (H5) Långt från alla andra
9%
ToMa 4 Ledina
9%
Gabrijel Ivić 12 (SF2) Light Up
9%
Arisa 4 Magica Favola
9%
Gemini 11 Metar sreće
9%
Silvana Peres 6 Não Tem Fim
9%
MARKO KUTLIĆ 9 NEOTUĐIVO
9%
Freya Alley 7 (H4) No Kiss Goodbye
9%
KIANNA 9 (SF2) No More Drama
9%
Lynx 20 Nuk kthehem pas
9%
AGRIDOCE NQ Onde Quero Estar
9%
Thomas G 3 (H1) One Night Lover
9%
Patty Pravo 24 Opera
9%
Raf 18 Ora e per sempre
9%
Iva Grujin 10 Otkrivam sebe
9%
Lena Schaur 2 Painted Reality
9%
Kimi NQ Prapë dielli del
9%
Ritam Noir 11 Profumi di Mare
9%
Aranja WC Pyjamas Song
9%
Izan Llunas 4 ¿Qué vas a hacer?
9%
Serena Brancale 9 QUI CON ME
9%
Lasse Skriver NQ Roaring Heart
9%
Levante 14 SEI TU
9%
Akire 7 (H3) Šiluma
9%
Endri Kaçaçi 7 Si unë
9%
Thomas Jenssen WC Smalltown
9%
Jānis Rugājs NQ Smoke
9%
Fulminacci 7 Stupida sfortuna
9%
Kosmos Trip 8 Sve je u redu
9%
Erand Sojli NQ Të kam në fron
9%
Agnė Buškevičiūtė 4 (H2) Unbound
9%
Lores 6 Unseen
9%
Aivo Oskis NQ Walking Out
9%
Dargen D'Amico 27 AI AI
6%
Malika Ayane 19 animali notturni
6%
Juozas Martin 5 (H3) Atmerk akis
6%
Eddie Brock 30 Avvoltoi
6%
Edward Maya feat. William Imola Balla
6%
Impact WC Bengalo
6%
Elizabeth Olshey 4 (H1) Between
6%
Il Senso 6 (H5) Brave Enough
6%
Bogdan Medvedi WC Broken Heart
6%
Anna Smith Bruised
6%
Anstay 4 (WC) by the way
6%
L'Orchestraccia Cara madre mia
6%
Ivan Sever 10 (SF2) Crying Eyes
6%
Mėnulio fazė 7 (H2) Dabar ir čia
6%
Savjana Vjerdha 14 Dimër për dimër e vjeshtë për vjeshtë
6%
IUNA Freedom Calling
6%
Justė Osh 4 (H3) Gaisras
6%
Agata Ray 6 (H3) Gravity lies
6%
Felix Manu 6 (H4) Hatar att jag älskar dig
6%
Jasmina Makota 11 (SF1) Higher
6%
Alexa & Aria Moon WC iELE
6%
Pellegrina Pibigas Il Giorno Che
6%
Francesco Renga 23 Il meglio di me
6%
Tommaso Paradiso 10 I romantici
6%
Vedat Ademi 5 Kur fjala mbaron
6%
Luchè 12 Labirinto
6%
Maria Antonietta & Colombre 21 La felicità e basta
6%
Lorenc Hasrama 15 Lamtumirë
6%
Mara Sattei 29 le cose che non sai di me
6%
Ledi Ais 8 (H3) Mes siekiam žvaigždžių
6%
Dolcenera My Love
6%
Maya Azucena 4 My Sin
6%
Leo Gassmann 28 NATURALE
6%
Gerta Mahmutaj 16 Në krahët e tu
6%
Irma 8 Ni traga
6%
Siga 8 (H1) Noriu Jo
6%
Bateu Matou NQ Nos Teus Olhos
6%
Theya LeRoy 8 (H2) Oblivion
6%
Enrico Nigiotti 20 Ogni volta che non so volare
6%
Valdas Lacko 7 (H1) Pabandom
6%
Luna Çausholli 9 Pa kufij
6%
Kamela Islamaj 19 Pa pretendime
6%
Malvina Likaj NQ Përtej shpirtit
6%
Mário Marta NQ Pertencer
6%
nayt 6 Prima che
6%
Michele Bravi 22 Prima o poi
6%
Orphy Rise Again
6%
Ilinca Siviroveanu 13 Running through the rain
6%
Dagna 5 (H2) Sau meluojam
6%
OKS 6 (WC) SAY IT ALL
6%
Jokūbas Jankauskas | Marco 3 (H5) Shine
6%
Marta Adamchuk 5 (WC) Silvered Pines
6%
MANIVI 8 (SF1) Svaki dan
6%
Matas Ligeika 4 (H5) Svetimi
6%
More 6 (H4) Taip lengvai
6%
Aistė Pilvelytė 6 (H1) Tarp žvaigždžių tylos
6%
chiello 25 Ti penso sempre
6%
Emi Acidic 4 (H4) u broke me
6%
Inês Sousa NQ Um Filme ao Contrário
6%
Tredici Pietro 16 uomo che cade
6%
Vēstnieks NQ Vai tas ir kāds brīnums?
6%
Lokytė 7 (H5) Vilko akių
6%
Ema Bubić 16 Vrijeme za nas
6%
Sasha Flowers 8 We fight till the end
6%
Victoria Anastasia 10 (SF2) Whatcha Doin To Me
6%
Patricija Luščynska 5 (H4) Worth It
6%
Ana Mašulović 12 Zavoli me
6%
No matching quizzes found
Score Distribution
Percent of People with Each Score
Percentile by Number Answered
Your Score History
You have not taken this quiz since the last reset